Pokrútená egobiografia

Bibliographic Details
Main Author: Moreau, Marcel 1933- (Author)
Other Authors: Minárik, Marián (Translator)
Format: Article
Language:Slovak
Subjects:

MARC

LEADER 00000nab a2200000 a 4500
001 vtls000686560
003 SK-MaSNL
005 20260304095700.0
008 250425c1998 xo 0 slo
015 |a SNBRB1999/03-06779 
035 |a CLN000038727 
035 |a urn:nbn:sk:snk-abbsgr 
035 |a (urnnbn)urn:nbn:sk:snk:ar-004p5o 
035 |a (uuid)6332957a-1ede-4df3-aa23-60ef354012e1 
040 |a SNKBUCL  |b slo  |c SNKBUCL  |e AACR2 
041 0 |a slo 
044 |a xo  |c SK 
080 |a 840 (493)-3  |2 1997 
100 1 |a Moreau, Marcel  |d 1933-  |4 aut  |9 16160 
245 1 0 |a Pokrútená egobiografia  |c Marcel Moreau ; preložil Marián Minárik 
300 |b Fotogr. 
650 0 7 |a prózy autobiografické belgické francúzske  |x úryvky  |2 snkbucl  |9 1393111 
655 7 |a články z novín a časopisov  |2 snkbucl  |9 267496 
700 1 |a Minárik, Marián  |4 trl  |9 6567 
773 0 |t Revue svetovej literatúry  |g Roč. 34, č. 4 (1998), s. 82-86  |x 0231-6269 
850 |a Slovenská národná knižnica 
852 |a Slovenská národná knižnica 
958 |a article15 
958 |a OND 
958 |a LX 
958 |a BE 
958 |a EUIPO 
992 |a RBX 
999 |c 2833921  |d 2835851